000 00630nam a22001937a 4500
003 OSt
005 20251128142140.0
008 251128b |||||||| |||| 00| 0 eng d
020 _a971-085-605-7.
040 _aDWCL-Main lib
_cOC
082 _aFil. 621.381 V433e 1994
100 _aVelasco, Benjamin S.
245 _aElectronic components testing simplified
_cVelasco, Benjamin S.
260 _aMandaluyong City :
_bNational Book Store,
_cc1994.
300 _axvii, 243 pages :
_billustration ;
_c25 cm.
504 _aIncludes bibliographical references and index.
650 _21. Electronics.
942 _2ddc
_cBK - FIL
_kFil.
_n0
999 _c6570
_d6570